[Event "Tyros-Dragons"]
[Site "?"]
[Date "1999.02.09"]
[Round "?"]
[White "Stoltz, R"]
[Black "Christian, R"]
[Result "0-1"]
[WhiteElo "1857"]
[BlackElo "1776"]
[PlyCount "80"]
[EventDate "1999.??.??"]

1. e4 e5 2. Nf3 Nc6 3. Bb5 a6 4. Bxc6 dxc6 5. O-O Bg4 6. h3 Bxf3 7. Qxf3 Bc5 8.
d3 h6 9. Nd2 Qf6 10. Qg4 Ne7 11. Nb3 Bb6 12. Be3 h5 13. Qe2 g5 14. Qd2 g4 15.
h4 Bxe3 16. Qxe3 Qxh4 17. d4 Qf6 18. c3 Qf4 19. Rfe1 O-O-O 20. dxe5 Qxe3 21.
Rxe3 Ng6 22. f4 gxf3 23. Rxf3 Nxe5 24. Rf5 Rde8 25. Rg5 Rh7 26. Nd4 Nd3 27. b3
Rxe4 28. Rg8+ Kd7 29. Nf3 f6 30. Rd1 Re3 31. Kh2 h4 32. Ne1 Rxe1 33. Rxd3+ Ke7
34. Rc8 Ke6 35. Re8+ Re7 36. Rh8 Re4 37. Rh6 Kf7 38. Rf3 R4e6 39. Rh7+ Kg6 40.
Rxe7 Rxe7 0-1

[Event "Dragons-Tyros"]
[Site "?"]
[Date "1999.02.09"]
[Round "?"]
[White "Eustace, D"]
[Black "Blazie, J"]
[Result "1-0"]
[WhiteElo "1669"]
[BlackElo "1741"]
[PlyCount "57"]
[EventDate "1999.??.??"]

1. e4 e5 2. Nf3 Nc6 3. d4 exd4 4. Nxd4 Nf6 5. Nxc6 bxc6 6. e5 Nd5 7. c4 Nb6 8.
Nc3 Qh4 9. b3 Bb4 10. Bb2 O-O 11. Bd3 Qd4 12. Bxh7+ Kxh7 13. Qxd4 Re8 14. O-O
Bf8 15. Qh4+ Kg8 16. Ne4 Re6 17. Qd8 d6 18. Rfe1 d5 19. Ng5 Re7 20. Ba3 Bb7 21.
Bxe7 Rxd8 22. Bxd8 dxc4 23. bxc4 Nxc4 24. Bxc7 Be7 25. f4 Bc5+ 26. Kh1 Nb2 27.
e6 Nd3 28. exf7+ Kf8 29. Re8# 1-0

[Event "Tyros-CCDOC"]
[Site "?"]
[Date "1999.05.05"]
[Round "?"]
[White "Karpierz, J"]
[Black "Appleberry, T"]
[Result "0-1"]
[WhiteElo "1222"]
[BlackElo "1353"]
[PlyCount "92"]
[EventDate "1999.??.??"]

1. d4 d5 2. c4 b6 3. Nc3 c6 4. Nf3 Nf6 5. e3 Be6 6. b3 h6 7. Bd3 Na6 8. cxd5
Nxd5 9. Nxd5 Bxd5 10. Bxa6 b5 11. a4 Qa5+ 12. Bd2 Qxa6 13. O-O Qb7 14. Rb1 Be4
15. Rb2 e6 16. a5 Bd6 17. b4 O-O 18. Bc3 f6 19. Nd2 Bh7 20. e4 Qf7 21. Qf3 e5
22. Rc1 Rac8 23. Nb3 Qe7 24. Nc5 Rfd8 25. Re2 exd4 26. Bxd4 Bxh2+ 27. Kxh2 Rxd4
28. Rb1 Rcd8 29. Rbb2 Bg6 30. Qg4 Qe5+ 31. f4 Qh5+ 32. Qh3 Qxh3+ 33. Kxh3 f5
34. Ne6 Rd3+ 35. g3 Re8 36. Nc5 Rd4 37. e5 Bh5 38. Re3 Rd5 39. Kh4 Bg4 40. e6
g6 41. e7 Rd1 42. Rh2 Kf7 43. Re6 Rd5 44. Rhe2 Bxe2 45. Rxe2 Rd1 46. Kh3 Rxe7
0-1

[Event "Dragons-Tyros"]
[Site "?"]
[Date "1999.??.??"]
[Round "?"]
[White "Altschuller, D"]
[Black "Diaz, P"]
[Result "0-1"]
[WhiteElo "1795"]
[BlackElo "1978"]
[PlyCount "30"]
[EventDate "1999.??.??"]

1. e4 c5 2. Nf3 e6 3. d4 cxd4 4. Nxd4 Nf6 5. Nc3 Bb4 6. e5 Ne4 7. Qg4 Nxc3 8.
Qxg7 Rf8 9. a3 Nb5+ 10. axb4 Nxd4 11. Bg5 Qb6 12. O-O-O Nf5 13. Qf6 h6 14. Rd6
Qc7 15. Bf4 Qd8 0-1

[Event "Dragons-Royals"]
[Site "?"]
[Date "1998.12.10"]
[Round "?"]
[White "Tegel, F"]
[Black "Pehas, A"]
[Result "1-0"]
[WhiteElo "2115"]
[BlackElo "1949"]
[PlyCount "75"]
[EventDate "1998.??.??"]

1. d4 d5 2. c4 c6 3. Nf3 Nf6 4. Nc3 dxc4 5. a4 Bg4 6. Ne5 Bh5 7. Nxc4 e6 8. g3
Be7 9. Bg2 O-O 10. O-O Nbd7 11. a5 Rc8 12. Qb3 b5 13. axb6 axb6 14. Ra6 b5 15.
Na5 b4 16. Nxc6 Rxc6 17. Rxc6 bxc3 18. e4 cxb2 19. Bxb2 Qb8 20. Qc2 Bg6 21. Rb1
Qa8 22. Ra1 Qb8 23. f3 Nd5 24. Qd2 Bb4 25. Qe2 N5f6 26. Kh1 Rd8 27. Bc1 h6 28.
Bf4 Qb7 29. Rca6 Bc3 30. Ra7 Qb2 31. Qxb2 Bxb2 32. Ra8 Rxa8 33. Rxa8+ Kh7 34.
Be3 Bc3 35. Ra7 Nb6 36. Rc7 Na4 37. Rc4 Bxd4 38. Bxd4 1-0

[Event "Rooks-Royals"]
[Site "?"]
[Date "1999.01.21"]
[Round "?"]
[White "Benedek, R"]
[Black "Guio, J"]
[Result "1-0"]
[WhiteElo "2151"]
[BlackElo "2005"]
[PlyCount "77"]
[EventDate "1999.??.??"]

1. Nf3 c5 2. c4 Nc6 3. d4 cxd4 4. Nxd4 Qb6 5. Nb5 a6 6. N5c3 e6 7. Na4 Qd4 8.
Nac3 Qxd1+ 9. Kxd1 Nf6 10. Bf4 e5 11. Bg5 Be7 12. Bxf6 Bxf6 13. Nd5 Bd8 14. c5
h5 15. Nb6 Rb8 16. Nc4 Ne7 17. e4 Rh6 18. Nd6+ Kf8 19. Bc4 b5 20. Bb3 Bb7 21.
Re1 Nc8 22. Nxb7 Rxb7 23. Re3 Rc6 24. Nd2 Rf6 25. Ke2 a5 26. Bd5 Ra7 27. Nf3
Be7 28. Rc1 Rc7 29. Nxe5 d6 30. Nc6 dxc5 31. Nxa5 Ra6 32. Rf3 Bg5 33. Nb3 Bxc1
34. Nxc1 Nb6 35. Bb3 Re7 36. Bc2 Na4 37. b3 Nb6 38. Rf5 Nd7 39. Rxh5 1-0

[Event "Royals-Rooks"]
[Site "?"]
[Date "1999.01.21"]
[Round "?"]
[White "Peijffers, S"]
[Black "Kabelac, J"]
[Result "1-0"]
[WhiteElo "2057"]
[BlackElo "2018"]
[PlyCount "47"]
[EventDate "1999.??.??"]

1. Nf3 Nf6 2. c4 e6 3. d4 d5 4. Nc3 c5 5. cxd5 Nxd5 6. e4 cxd4 7. Qxd4 Nc6 8.
Bb5 Nxc3 9. Qxc3 Bd7 10. O-O a6 11. Be2 Qa5 12. Qxa5 Nxa5 13. Bd2 Nc6 14. Bc3
b5 15. a3 Rg8 16. Rfd1 f5 17. exf5 exf5 18. Ne5 Nxe5 19. Bxe5 g5 20. Bf3 Rd8
21. Bc7 Rc8 22. Rac1 Bg7 23. Re1+ Kf7 24. Bh5+ 1-0

[Event "Royals-Rooks"]
[Site "?"]
[Date "1999.01.21"]
[Round "?"]
[White "Dobrovolny, C"]
[Black "Green, D"]
[Result "1-0"]
[WhiteElo "1757"]
[BlackElo "1878"]
[PlyCount "101"]
[EventDate "1999.??.??"]

1. e4 c6 2. d4 d5 3. e5 Bf5 4. Bd3 Bxd3 5. Qxd3 e6 6. Nf3 Ne7 7. Bg5 Qb6 8. Nc3
h6 9. Be3 Nf5 10. O-O Be7 11. Rab1 Nd7 12. b4 O-O 13. Na4 Qc7 14. Nc5 Rfc8 15.
Nxd7 Qxd7 16. c4 dxc4 17. Qxc4 Nxe3 18. fxe3 Qd5 19. Qe2 b6 20. a4 c5 21. bxc5
bxc5 22. Rb5 Qe4 23. Nd2 Qg6 24. Rb7 Re8 25. dxc5 Bxc5 26. Rfxf7 Bf8 27. Rxa7
Rxa7 28. Rxa7 Qc2 29. Qf2 Qd1+ 30. Nf1 Qh5 31. a5 Bc5 32. Rc7 Rf8 33. Qc2 Bxe3+
34. Nxe3 Qxe5 35. Qc3 Qg5 36. a6 Qg6 37. Qc2 Qf6 38. Rc3 Qh4 39. Qe2 Qb4 40.
Rc1 Qa3 41. Rf1 Ra8 42. Qf2 Qe7 43. Ra1 Rf8 44. Qd2 Qa7 45. h3 Rf4 46. Kh1 Rd4
47. Qc3 Rd7 48. Qb3 Re7 49. Nf5 Re8 50. Nd6 Qd4 51. Rd1 1-0

[Event "Tyros-Royals"]
[Site "?"]
[Date "1999.03.24"]
[Round "?"]
[White "Stein, P"]
[Black "Peijffers, S"]
[Result "1-0"]
[WhiteElo "2345"]
[BlackElo "2019"]
[PlyCount "62"]
[EventDate "1999.??.??"]

1. e4 c5 2. Nc3 Nc6 3. f4 g6 4. Nf3 Bg7 5. Bb5 Nd4 6. a4 a6 7. Bc4 Nf6 8. d3 d6
9. h3 h5 10. O-O Bd7 11. e5 Nh7 12. exd6 exd6 13. Re1+ Kf8 14. Be3 Bc6 15. Bxd4
cxd4 16. Nd5 Bxd5 17. Bxd5 Qc7 18. Qd2 Nf6 19. Bb3 Qc5 20. Ng5 Nd5 21. Qe2 Bf6
22. Nxf7 Kxf7 23. Qe6+ Kg7 24. Bxd5 Rhf8 25. Bb3 Kh6 26. Qd7 b5 27. axb5 axb5
28. Rxa8 Rxa8 29. Qe6 Bh4 30. Rf1 Qc6 31. f5 31... Qe8 {Black flagged} 1-0

[Event "Tyros-Royals"]
[Site "?"]
[Date "1999.03.24"]
[Round "?"]
[White "Diaz, P"]
[Black "Dobrovolny, C"]
[Result "0-1"]
[WhiteElo "1978"]
[BlackElo "1787"]
[PlyCount "62"]
[EventDate "1999.??.??"]

1. Nc3 c5 2. e4 d6 3. Nf3 Nf6 4. d4 cxd4 5. Nxd4 a6 6. Be2 e6 7. Be3 Be7 8. g4
Nc6 9. Rg1 Qc7 10. Qd2 Ne5 11. g5 Nfd7 12. O-O-O Nc4 13. Bxc4 Qxc4 14. f4 b5
15. b3 Qc7 16. f5 Nc5 17. b4 Na4 18. g6 hxg6 19. fxe6 fxe6 20. Rxg6 Bf6 21. Bg5
Qf7 22. Nf5 Qxg6 23. Nxd6+ Kf8 24. Bxf6 Qxf6 25. Qg2 Ke7 26. e5 Qf4+ 27. Kb1
Qxb4+ 28. Kc1 Qf4+ 29. Rd2 Qxe5 30. Nf5+ Kf7 31. Nd6+ Kg8 0-1

[Event "Royals-Tyros"]
[Site "?"]
[Date "1999.03.24"]
[Round "?"]
[White "Kestner, M"]
[Black "Stoltz, R"]
[Result "1/2-1/2"]
[WhiteElo "1485"]
[BlackElo "1857"]
[PlyCount "53"]
[EventDate "1999.??.??"]

1. e4 c5 2. c3 d5 3. exd5 Qxd5 4. d4 Nf6 5. Nf3 Bg4 6. Be2 e6 7. h3 Bh5 8. O-O
Be7 9. Be3 Nc6 10. c4 Qd8 11. Nc3 cxd4 12. Nxd4 Bxe2 13. Ncxe2 Nxd4 14. Nxd4
O-O 15. Qc2 a6 16. Rad1 Qc7 17. b3 Rac8 18. a4 Qa5 19. Ra1 Bb4 20. Rfd1 Rfd8
21. Qe2 Qe5 22. Rac1 Bc5 23. Nf3 Qe4 24. Ng5 Qc6 25. Bxc5 Qxc5 26. Rxd8+ Rxd8
27. Rd1 1/2-1/2

[Event "Rooks-Royals"]
[Site "?"]
[Date "1998.04.14"]
[Round "?"]
[White "Green, D"]
[Black "Dobrovolny, C"]
[Result "1-0"]
[WhiteElo "1851"]
[BlackElo "1787"]
[PlyCount "47"]
[EventDate "1998.??.??"]

1. e4 c5 2. d4 cxd4 3. Nf3 d6 4. Nxd4 Nf6 5. Nc3 a6 6. Bd3 e6 7. Be3 Be7 8. Qd2
b5 9. h3 Bb7 10. f3 Nbd7 11. Qf2 Rc8 12. O-O b4 13. Nce2 O-O 14. Ng3 Ne5 15.
Be2 d5 16. f4 Nc4 17. e5 Nxe3 18. Qxe3 Nd7 19. Kh2 Bc5 20. Rac1 Qb6 21. Rfd1
Qa5 22. f5 Qxa2 23. f6 Qxb2 24. Qg5 1-0